ARRUPE JESUIT UNIVERSITY

CORONAVIRUS -STOP THE SPREAD - CLEAN,DISINFECT,COVER

The Pan-African connection : (Record no. 118567)

MARC details
000 -LEADER
fixed length control field 00903pam a2200277 a 4500
001 - CONTROL NUMBER
control field 2333286
003 - CONTROL NUMBER IDENTIFIER
control field ARRUPE
005 - DATE AND TIME OF LATEST TRANSACTION
control field 20131107123510.0
008 - FIXED-LENGTH DATA ELEMENTS--GENERAL INFORMATION
fixed length control field 821130s1983 mau b 001 0 eng
010 ## - LIBRARY OF CONGRESS CONTROL NUMBER
LC control number 82019521
020 ## - INTERNATIONAL STANDARD BOOK NUMBER
International Standard Book Number 0870737139 (pbk.) :
Terms of availability $7.95
020 ## - INTERNATIONAL STANDARD BOOK NUMBER
International Standard Book Number 0870737120 :
Terms of availability $14.95
040 ## - CATALOGING SOURCE
Original cataloging agency DLC
Transcribing agency DLC
Modifying agency DLC
043 ## - GEOGRAPHIC AREA CODE
Geographic area code f------
050 00 - LIBRARY OF CONGRESS CALL NUMBER
Classification number E185.97.G3
Item number M368 1983
082 00 - DEWEY DECIMAL CLASSIFICATION NUMBER
Classification number 305.8/96/024
Edition number 19
300 ## - PHYSICAL DESCRIPTION
Dimensions 21 cm.
100 1# - MAIN ENTRY--PERSONAL NAME
Personal name Martin, Tony,
Dates associated with a name 1942-
9 (RLIN) 3449
245 14 - TITLE STATEMENT
Title The Pan-African connection :
Remainder of title from slavery to Garvey and beyond /
Statement of responsibility, etc by Tony Martin.
260 ## - PUBLICATION, DISTRIBUTION, ETC. (IMPRINT)
Place of publication, distribution, etc Cambridge, Mass. :
Name of publisher, distributor, etc Schenkman Pub. Co.,
Date of publication, distribution, etc c1983.
300 ## - PHYSICAL DESCRIPTION
Extent xi, 262 p. ;
504 ## - BIBLIOGRAPHY, ETC. NOTE
Bibliography, etc Includes bibliographical references and index.
600 10 - SUBJECT ADDED ENTRY--PERSONAL NAME
Personal name Garvey, Marcus,
Dates associated with a name 1887-1940.
9 (RLIN) 3450
650 #0 - SUBJECT ADDED ENTRY--TOPICAL TERM
Topical term or geographic name as entry element Pan-Africanism
General subdivision History.
9 (RLIN) 3451
906 ## - LOCAL DATA ELEMENT F, LDF (RLIN)
a 7
b cbc
c orignew
d 1
e ocip
f 19
g y-gencatlg
942 ## - ADDED ENTRY ELEMENTS (KOHA)
Source of classification or shelving scheme Library of Congress Classification
Koha item type Monograph ( Printed materials)
Holdings
Withdrawn status Lost status Source of classification or shelving scheme Damaged status Not for loan Home library Current library Date acquired Total Checkouts Full call number Barcode Date last seen Price effective from Koha item type
    Library of Congress Classification     ARRUPE LIBRARY ARRUPE LIBRARY 07/11/2013   E185.97.G3 M368 1983 46410308 13/12/2017 07/11/2013 Monograph ( Printed materials)

 

Arrupe Library. PO Box MP320 Mt Pleasant, Harare, Zimbabwe
263 242 745411|librarian@aju.ac.zw